| 000 | 00505nam a22001697a 4500 | ||
|---|---|---|---|
| 003 | PILC | ||
| 005 | 20150112093436.0 | ||
| 008 | 130223t xxu||||| |||| 00| 0 eng d | ||
| 020 | _a9812401334 | ||
| 050 |
_aHF 5548.32 _bSch358 2000 |
||
| 082 |
_aMkSF 658.8421 _bSch5 2000 |
||
| 100 |
_a Schneider, Gary P. _916124 |
||
| 245 |
_aElectronic commerce / _cGary P. Schneider and James T. Perry |
||
| 260 |
_aAustralia _bThomson _c2000. |
||
| 300 |
_a408 pages : _c25 cm. _billustration ; |
||
| 942 |
_2lcc _cBK |
||
| 999 |
_c14565 _d14565 |
||